00997nam a2200241 i 4500003000500000005001700005007000300022008004100025090001900066100003900085245010800124264007000232300001600302502009000318700003100408700003600439720003100475720004700506720004200553942001500595952012800610999001700738CSPC20231123144502.0ta231123s2021 ph a mab 000 0beng  aUTH BSOA Sa52e aSan Francisco, Maridel G.dauthor. aThe effect of work from home arrangement on employees of the public sector /cMaridel G. San Francisco. aBuhi, Camarines Sur :bCamarines Sur Polytechnic Colleges,c2021. a66 leaves : aUndergraduate Theses (BSOA) Office AdministrationcCamarines Sur Polytechnic Colleges aSollice, Emma C. eauthor. aAguilar, Marie Lyn S.Jeauthor. aRosal, Jhomer I.eadviser. a Infante, Leonisa O.epanelist chairperson aOliveros, Josefin N.epanelist member 2ddcn0cUM 00102ddc4071aBUHIbBUHIcUTHd2023-11-23l0oUTH BSOA Sa52e 2021p00046UM-BUHr2023-11-23 00:00:00t1-1w2023-11-23yUM c26602d26602